Les Catherine célèbres - Statistiques

Statistiques générales
  • Ce quiz a été pris 149 fois
    78 depuis la dernière actualisation
  • Le résultat moyen est 5 sur 16
Statistiques - réponses
Indice Initiale Nom % Correct
Actrice 1943 D Deneuve
90%
Actrice 1969 ZJ Zeta-Jones
65%
Chanteuse 1945 L Lara
62%
Chanteuse 1957 R Ringer
62%
Actrice 1956 F Frot
37%
Animatrice 1951 L Laborde
35%
Politicienne 1951 T Trautmann
24%
Actrice 1946 A Allegret
22%
Animatrice 1923-1998 L Langeais
22%
Journaliste 1943 N Nay
16%
Actrice 1956 J Jacob
15%
Actrice 1954 A Alric
10%
Journaliste 1954 C Ceylac
7%
Politicienne 1941 T Tasca
6%
Actrice 1945 L Lachens
3%
Actrice 1964 B Benguigui
1%
Aucun quiz correspondant
Distribution des résultats
% des personnes avec chaque résultat
Percentile par nombre de réponses
Votre historique - résultats
Vous n’avez pas pris ce quiz depuis la dernière actualisation